000
00274nam a22001217a 4500
020
_a
0-333-333-446
082
_a
621.382 COA
100
_a
COATS.R.F.W
_9
74165
245
_a
MODERN COMMUNICAITON SYSTEM
260
_a
LONDON
_b
MACMILLAN
_c
1983
300
_a
398P
942
_c
BK
999
_c
579726
_d
579726